[Event "Oberliga Nord N 1213"]
[Site "Germany"]
[Date "2012.11.25"]
[Round "3.1"]
[White "Rasmussen, Karsten"]
[Black "Krueger, Wolfgang"]
[Result "1-0"]
[WhiteElo "2435"]
[BlackElo "2160"]
[PlyCount "45"]
[EventDate "2012.10.14"]
[EventType "team-tourn"]
[EventRounds "9"]
[EventCountry "GER"]
[SourceTitle "EXT 2015"]
[Source "ChessBase"]
[SourceDate "2014.11.20"]
[SourceVersion "1"]
[SourceVersionDate "2014.11.20"]
[SourceQuality "1"]
[WhiteTeam "Preetz"]
[BlackTeam "Schwarzenbek"]
[WhiteTeamCountry "GER"]
[BlackTeamCountry "GER"]

1. c4 g6 2. d4 Bg7 3. Nc3 d6 4. g3 Nf6 5. Bg2 0-0 6. e4 Nc6 7. Nge2 e5 8. d5 Ne7 9. 0-0 Ne8 10. Be3 f5 11. Qd2 Nf6 12. f3 fxe4 13. Nxe4 Nxe4 14. fxe4 Bg4 15. Rxf8+ Bxf8 16. h3 Bxe2 17. Qxe2 Qd7 18. Kh2 Bg7 19. h4 Rf8 20. Bh3 Qe8 21. c5 Qa4 22. Bg5 Bf6 23. Rf1 1-0

[Event "Oberliga Nord N 1213"]
[Site "Germany"]
[Date "2012.11.11"]
[Round "2.2"]
[White "Rasmussen, Karsten"]
[Black "Pajeken, Wolfgang"]
[Result "0-1"]
[WhiteElo "2435"]
[BlackElo "2303"]
[PlyCount "92"]
[EventDate "2012.10.14"]
[EventType "team-tourn"]
[EventRounds "9"]
[EventCountry "GER"]
[SourceTitle "EXT 2015"]
[Source "ChessBase"]
[SourceDate "2014.11.20"]
[SourceVersion "1"]
[SourceVersionDate "2014.11.20"]
[SourceQuality "1"]
[WhiteTeam "Preetz"]
[BlackTeam "Koenigsspringer"]
[WhiteTeamCountry "GER"]
[BlackTeamCountry "GER"]

1. c4 c6 2. e4 d5 3. exd5 cxd5 4. d4 Nf6 5. Nc3 Nc6 6. Bg5 Be6 7. Nf3 Ne4 8. Rc1 Qa5 9. Qb3 0-0-0 10. Be3 Kb8 11. Be2 Rc8 12. c5 Nxc5 13. dxc5 d4 14. Bf4+ Ka8 15. Qd1 dxc3 16. Rxc3 Qxa2 17. 0-0 Qxb2 18. Re3 h6 19. Qd3 Rd8 20. Qe4 Bd5 21. Qa4 Qb4 22. Qxb4 Nxb4 23. Ne5 Nc6 24. Ra1 g5 25. Nxc6 bxc6 26. Be5 Rg8 27. Bc7 Rd7 28. Bb6 Bg7 29. Ra5 Bb2 30. Bg4 e6 31. Re2 Bc3 32. Ra3 Bb4 33. Ra4 Bb3 34. Ra1 Rd1+ 35. Rxd1 Bxd1 36. Ra2 Bxg4 37. Rxa7+ Kb8 38. Ra4 Bd2 39. Rd4 Bc1 40. Rc4 Bf4 41. g3 Bh3 42. Rb4 Bc7 43. f3 Bxb6 44. Rxb6+ Kc7 45. g4 Ra8 46. Kf2 Ra2+ 0-1

[Event "DEN-chT 1213"]
[Site "Denmark"]
[Date "2012.10.28"]
[Round "2.2"]
[White "Kristiansen, Jens"]
[Black "Rasmussen, Karsten"]
[Result "0-1"]
[WhiteElo "2419"]
[BlackElo "2435"]
[PlyCount "86"]
[EventDate "2012.10.27"]
[EventType "team-tourn"]
[EventRounds "9"]
[EventCountry "DEN"]
[SourceTitle "EXT 2014"]
[Source "ChessBase"]
[SourceDate "2013.11.20"]
[SourceVersion "1"]
[SourceVersionDate "2013.11.20"]
[SourceQuality "1"]
[WhiteTeam "BMS"]
[BlackTeam "Aarhus/Skolerne"]
[WhiteTeamCountry "DEN"]
[BlackTeamCountry "DEN"]

1. d4 d5 2. c4 c6 3. Nf3 Nf6 4. Nc3 dxc4 5. a4 e6 6. e4 Bb4 7. e5 Nd5 8. Bd2 b5 9. axb5 Bxc3 10. bxc3 cxb5 11. Ng5 Nc6 12. Qh5 Qe7 13. Be2 h6 14. Ne4 0-0 15. Bg5 f6 16. exf6 gxf6 17. Bxh6 Rf7 18. Qg6+ Kh8 19. Nd6 Rh7 20. Nxb5 Bb7 21. Bd2 Rg8 22. Qe4 a6 23. Na3 Na5 24. Bxc4 Nxc4 25. Nxc4 Nxc3 26. Qf4 Bxg2 27. Rg1 Nd5 28. Qd6 Qa7 29. Ne3 Qxd4 30. Rxa6 Qe4 31. Ra1 Rb7 32. Qc6 Qe5 33. Qa6 Rb3 34. Qa4 Rb7 35. Rc1 Nxe3 36. Bxe3 Qxh2 37. f3 Qg3+ 38. Bf2 Qxf3 39. Qh4+ Rh7 40. Qd4 e5 41. Qe3 Qb7 42. Bg3 Rh3 43. Rc2 Rgxg3 0-1

[Event "DEN-chT 1112 50th"]
[Site "Denmark"]
[Date "2012.01.29"]
[Round "6.2"]
[White "Rewitz, Poul"]
[Black "Rasmussen, Karsten"]
[Result "1-0"]
[WhiteElo "2298"]
[BlackElo "2424"]
[PlyCount "77"]
[EventDate "2011.10.29"]
[EventType "team-tourn"]
[EventRounds "9"]
[EventCountry "DEN"]
[SourceTitle "EXT 2013"]
[Source "ChessBase"]
[SourceDate "2012.11.22"]
[SourceVersion "1"]
[SourceVersionDate "2012.11.22"]
[SourceQuality "1"]
[WhiteTeam "Copenhagen 68"]
[BlackTeam "Aarhus/Skolerne"]
[WhiteTeamCountry "DEN"]
[BlackTeamCountry "DEN"]

1. e4 c5 2. b4 cxb4 3. a3 bxa3 4. Nxa3 d6 5. d4 Nf6 6. Bd3 Nc6 7. c3 g6 8. f4 Bg7 9. Nf3 0-0 10. 0-0 a6 11. h3 Rb8 12. Nc4 d5 13. exd5 Nxd5 14. Bd2 Bf5 15. Bxf5 gxf5 16. Nce5 Qc7 17. Qe1 e6 18. g4 fxg4 19. hxg4 f6 20. Nd3 Rbe8 21. Qh4 Na5 22. Nc5 Nc4 23. Rae1 Nxd2 24. Nxd2 Nxf4 25. Nde4 e5 26. Ng3 Qc6 27. Qh2 Nd5 28. Nf5 Nxc3 29. Qc2 Nd5 30. Qb3 Rf7 31. Ne4 Bf8 32. g5 exd4 33. gxf6 Nc3 34. Ng5 Qd7 35. Ne7+ Rexe7 36. fxe7 Qg4+ 37. Kh2 Qh5+ 38. Nh3 Bxe7 39. Rxe7 1-0